[Event "Roux CREC op"]
[Site "Roux"]
[Date "2009.07.28"]
[Round "5"]
[White "Hetey, Laszlo"]
[Black "Vandevoort, Pascal"]
[Result "1/2-1/2"]
[WhiteElo "2352"]
[BlackElo "2358"]
[PlyCount "40"]
[EventDate "2009.07.25"]
[EventType "swiss"]
[EventRounds "9"]
[EventCountry "BEL"]
[SourceTitle "EXT 2010"]
[Source "ChessBase"]
[SourceDate "2010.11.25"]
[SourceVersion "1"]
[SourceVersionDate "2010.11.25"]
[SourceQuality "1"]

1. d4 Nf6 2. c4 g6 3. Nc3 Bg7 4. e4 d6 5. f3 0-0 6. Bg5 c5 7. d5 e6 8. Qd2 h6 9. Bxh6 Nxe4 10. Nxe4 Qh4+ 11. g3 Qxh6 12. Qxh6 Bxh6 13. Nxd6 exd5 14. cxd5 Nd7 15. f4 Nb6 16. Nxc8 Raxc8 17. 0-0-0 Rfd8 18. Bh3 f5 19. Nf3 Nxd5 20. Nh4 Ne7 1/2-1/2

[Event "Roux CREC op"]
[Site "Roux"]
[Date "2009.07.27"]
[Round "4"]
[White "Dgebuadze, Alexandre"]
[Black "Hetey, Laszlo"]
[Result "1-0"]
[WhiteElo "2516"]
[BlackElo "2352"]
[PlyCount "75"]
[EventDate "2009.07.25"]
[EventType "swiss"]
[EventRounds "9"]
[EventCountry "BEL"]
[SourceTitle "EXT 2010"]
[Source "ChessBase"]
[SourceDate "2010.11.25"]
[SourceVersion "1"]
[SourceVersionDate "2010.11.25"]
[SourceQuality "1"]

1. e4 e5 2. Nf3 Nc6 3. Bb5 a6 4. Ba4 Nf6 5. 0-0 Be7 6. Re1 b5 7. Bb3 d6 8. c3 0-0 9. h3 Nb8 10. d3 Nbd7 11. Nbd2 Bb7 12. Nf1 Nc5 13. Bc2 Re8 14. Ng3 g6 15. d4 Ncd7 16. Bg5 c6 17. Qd2 Qc7 18. Rad1 a5 19. Bh6 Nf8 20. Nf5 gxf5 21. exf5 Nd5 22. dxe5 dxe5 23. Nxe5 f6 24. Re4 fxe5 25. Rg4+ Ng6 26. fxg6 Bf6 27. Qd3 e4 28. Rxe4 Bg7 29. gxh7+ Kh8 30. Bxg7+ Qxg7 31. Rg4 Qe7 32. Qg6 Nf6 33. Rf4 Rf8 34. Rd3 Qg7 35. Qxg7+ Kxg7 36. h8Q+ Rxh8 37. Rg3+ Kf7 38. Rg6 1-0

[Event "Maastricht Limburg op 3rd"]
[Site "Maastricht"]
[Date "2009.06.01"]
[Round "7"]
[White "Hetey, Laszlo"]
[Black "Stopa, Jacek"]
[Result "1-0"]
[WhiteElo "2347"]
[BlackElo "2471"]
[PlyCount "61"]
[EventDate "2009.05.29"]
[EventType "swiss"]
[EventRounds "7"]
[EventCountry "NED"]
[SourceTitle "CBM 130 Extra"]
[Source "ChessBase"]
[SourceDate "2009.07.02"]
[SourceVersion "2"]
[SourceVersionDate "2009.07.15"]
[SourceQuality "1"]

1. d4 Nf6 2. c4 g6 3. Nc3 Bg7 4. e4 d6 5. f3 0-0 6. Bg5 Nbd7 7. Qd2 a6 8. d5 Rb8 9. Nge2 Ne5 10. Nd4 c5 11. Nc2 b5 12. cxb5 axb5 13. Bxb5 Rxb5 14. Nxb5 Nc4 15. Qe2 Qa5+ 16. Kf2 Nxb2 17. a4 c4 18. Bd2 Qa8 19. Rhb1 Nh5 20. Ncd4 Nd3+ 21. Kg1 Bd7 22. Be3 Rc8 23. a5 f5 24. a6 Nhf4 25. Qc2 Bxb5 26. Rxb5 fxe4 27. fxe4 Qa7 28. Nf5 Qd7 29. Rb7 gxf5 30. Rxd7 Bxa1 31. a7 1-0

[Event "BCF-chT3 0708 (4NCL)"]
[Site "Sunningdale"]
[Date "2008.05.04"]
[Round "10.1"]
[White "Talsma, Paul"]
[Black "Hetey, Laszlo"]
[Result "1/2-1/2"]
[WhiteElo "2235"]
[BlackElo "2343"]
[PlyCount "81"]
[EventDate "2007.09.15"]
[EventType "team-tourn"]
[EventRounds "11"]
[EventCountry "ENG"]
[SourceTitle "EXT 2023"]
[Source "ChessBase"]
[SourceDate "2022.10.05"]
[SourceVersion "1"]
[SourceVersionDate "2022.10.05"]
[SourceQuality "1"]
[WhiteTeam "Anglian Avengers"]
[BlackTeam "FCA Solutions"]
[WhiteTeamCountry "ENG"]
[BlackTeamCountry "ENG"]

1. d4 Nf6 2. c4 e6 3. Nc3 Bb4 4. f3 d5 5. a3 Bxc3+ 6. bxc3 c5 7. cxd5 Nxd5 8. dxc5 Qa5 9. e4 Nf6 10. Be3 0-0 11. Qb3 Nfd7 12. Rd1 Qc7 13. Qc4 Na6 14. c6 bxc6 15. Nh3 Nb6 16. Qd4 Bb7 17. Bf4 Qc8 18. Be2 f6 19. Qd6 Rd8 20. Qe7 Re8 21. Qd6 Rd8 22. Qxd8+ Qxd8 23. Rxd8+ Rxd8 24. Be3 Nc7 25. 0-0 Ba6 26. Rd1 Rxd1+ 27. Bxd1 Bc4 28. a4 Kf7 29. Kf2 e5 30. f4 h6 31. f5 Ke8 32. Kf3 Bf7 33. Nf2 Bc4 34. Bc2 Nc8 35. Nd3 a6 36. Bc5 Kd7 37. Nb2 Bf7 38. Bd3 Nd6 39. Bb6 g6 40. g4 h5 41. h3 1/2-1/2